| 000 | 00715nam a2200217 4500 | ||
|---|---|---|---|
| 003 | OSt | ||
| 005 | 20230907095432.0 | ||
| 008 | 708 R549v | ||
| 040 | _cLado V | ||
| 082 |
_a779 _bI65k |
||
| 100 |
_91023 _aIraheta, Walterio _eautor |
||
| 245 | _aKriptonita/ | ||
| 260 |
_aCosta Rica _bCentro de Cultura de España _c2005 |
||
| 300 |
_a30p. _c15x21cm |
||
| 650 |
_2Tesauro de Arte & Arquitectura _aARTE _9702 |
||
| 650 |
_2Tesauro de Arte & Arquitectura _aEXHIBICIÓN _9702 |
||
| 650 |
_2Tesauro de Arte & Arquitectura _aFOTOGRAFIA _9702 |
||
| 650 |
_2Tesauro de Arte & Arquitectura _aPERSONAS |
||
| 650 |
_2Tesauro de Arte & Arquitectura _aSUPER HEROE CONTIDIANO |
||
| 942 |
_2ddc _c1 _h779 _iI65k _n0 |
||
| 999 |
_c4280 _d4280 |
||